000 00493nam a2200181Ia 4500
008 100917s9999 xx 000 0 und d
082 _b62883
100 _aेमेहेता शशिकला
245 _aअद्वैत
260 _bस्मिता प्रकाशन
_c1983
300 _a176
365 _b30
520 _aकादंबरी
630 _aअद्वैत
650 _aकादंबरी
730 _aअद्वैत
942 _cBOOK
999 _c668277
_d668274